<?xml version="1.0" encoding="UTF-8"?>
<record
    xmlns:xsi="http://www.w3.org/2001/XMLSchema-instance"
    xsi:schemaLocation="http://www.loc.gov/MARC21/slim http://www.loc.gov/standards/marcxml/schema/MARC21slim.xsd"
    xmlns="http://www.loc.gov/MARC21/slim">

  <leader>01746nam a22003257a 4500</leader>
  <controlfield tag="001">334</controlfield>
  <controlfield tag="003">OSt</controlfield>
  <controlfield tag="005">20260413075558.0</controlfield>
  <controlfield tag="008">250328b        |||||||e |||| 00| f eng d</controlfield>
  <datafield tag="040" ind1=" " ind2=" ">
    <subfield code="b">por</subfield>
  </datafield>
  <datafield tag="041" ind1=" " ind2=" ">
    <subfield code="h">eng</subfield>
    <subfield code="a">por</subfield>
  </datafield>
  <datafield tag="082" ind1=" " ind2=" ">
    <subfield code="a">813</subfield>
    <subfield code="b">M531m</subfield>
  </datafield>
  <datafield tag="100" ind1="1" ind2=" ">
    <subfield code="a">Melville, Herman,</subfield>
    <subfield code="d">1819-1891</subfield>
    <subfield code="9">492</subfield>
  </datafield>
  <datafield tag="240" ind1=" " ind2=" ">
    <subfield code="a">Moby Dick or The Whale</subfield>
  </datafield>
  <datafield tag="245" ind1=" " ind2=" ">
    <subfield code="a">Moby Dick /</subfield>
    <subfield code="c">Melville, Herman ; Tradu&#xE7;&#xE3;o de P&#xE9;ricles Eug&#xEA;nio da Silva Ramos</subfield>
  </datafield>
  <datafield tag="260" ind1=" " ind2=" ">
    <subfield code="a">S&#xE3;o Paulo </subfield>
    <subfield code="b">Abril</subfield>
    <subfield code="c">1972</subfield>
  </datafield>
  <datafield tag="300" ind1=" " ind2=" ">
    <subfield code="a">668 p.</subfield>
  </datafield>
  <datafield tag="490" ind1="1" ind2=" ">
    <subfield code="a">Os Imortais da Literatura Universal</subfield>
  </datafield>
  <datafield tag="520" ind1=" " ind2=" ">
    <subfield code="a">Na cidade de New Bedford, em Massachusetts, o marinheiro Ismael conhece o arpoador Queequeg e, juntos, partem para a ilha de Nantucket em busca de trabalho no mercado de ca&#xE7;a &#xE0;s baleias. L&#xE1;, eles embarcaram no baleeiro Pequod para uma viagem de tr&#xEA;s anos aos mares do sul. Entre eles, tripulantes de diversas nacionalidades: os imediatos Starbuck, Stubb e Flask; os arpoadores Tashtego e Daggoo, al&#xE9;m de Acab, o sombrio capit&#xE3;o que ostenta uma enorme cicatriz do rosto ao pesco&#xE7;o e uma perna artificial, feita do osso de cachalote. Obcecado por encontrar a fera respons&#xE1;vel por seus ferimentos e que nenhum arpoador jamais conseguiu abater - a tem&#xED;vel "Moby Dick" -, o capit&#xE3;o Acab conduz o baleeiro e toda a sua tripula&#xE7;&#xE3;o por uma rota de perigos e incertezas.
</subfield>
  </datafield>
  <datafield tag="650" ind1=" " ind2="0">
    <subfield code="a">Literatura Americana</subfield>
    <subfield code="9">84</subfield>
  </datafield>
  <datafield tag="650" ind1=" " ind2="0">
    <subfield code="a">Aventura Mar&#xED;tima </subfield>
    <subfield code="9">689</subfield>
  </datafield>
  <datafield tag="650" ind1=" " ind2="0">
    <subfield code="a">Ca&#xE7;a a baleias</subfield>
    <subfield code="9">690</subfield>
  </datafield>
  <datafield tag="650" ind1=" " ind2="0">
    <subfield code="a">Homem X Natureza</subfield>
    <subfield code="9">691</subfield>
  </datafield>
  <datafield tag="650" ind1=" " ind2="0">
    <subfield code="a">Cl&#xE1;ssicos</subfield>
    <subfield code="9">77</subfield>
  </datafield>
  <datafield tag="655" ind1=" " ind2="0">
    <subfield code="a">Romance</subfield>
    <subfield code="9">23</subfield>
  </datafield>
  <datafield tag="655" ind1=" " ind2="0">
    <subfield code="a">Fic&#xE7;&#xE3;o </subfield>
    <subfield code="9">22</subfield>
  </datafield>
  <datafield tag="700" ind1=" " ind2=" ">
    <subfield code="a">P&#xE9;ricles Eug&#xEA;nio da Silva Ramos</subfield>
    <subfield code="d">1919- 1992</subfield>
    <subfield code="e">TRADUTOR</subfield>
    <subfield code="9">692</subfield>
  </datafield>
  <datafield tag="830" ind1=" " ind2=" ">
    <subfield code="a">Os Imortais da Literatura Universal</subfield>
    <subfield code="9">461</subfield>
    <subfield code="v">vol. 43</subfield>
  </datafield>
  <datafield tag="942" ind1=" " ind2=" ">
    <subfield code="2">ddc</subfield>
    <subfield code="n">0</subfield>
    <subfield code="c">BK</subfield>
  </datafield>
  <datafield tag="952" ind1=" " ind2=" ">
    <subfield code="0">0</subfield>
    <subfield code="1">0</subfield>
    <subfield code="2">ddc</subfield>
    <subfield code="4">0</subfield>
    <subfield code="7">0</subfield>
    <subfield code="8">FIC</subfield>
    <subfield code="a">BIBIB</subfield>
    <subfield code="b">BIBIB</subfield>
    <subfield code="c">LE</subfield>
    <subfield code="d">2025-03-28</subfield>
    <subfield code="e">doa&#xE7;&#xE3;o</subfield>
    <subfield code="l">0</subfield>
    <subfield code="o">813 / M531m</subfield>
    <subfield code="p">2025-17288</subfield>
    <subfield code="r">2025-03-28 08:28:45</subfield>
    <subfield code="w">2025-03-28</subfield>
    <subfield code="y">BK</subfield>
  </datafield>
  <datafield tag="999" ind1=" " ind2=" ">
    <subfield code="c">334</subfield>
    <subfield code="d">334</subfield>
  </datafield>
</record>
